|
|
|
|
| LEADER |
00824nam a2200217Ia 4500 |
| 001 |
TDMU_19992 |
| 008 |
210410s9999 xx 000 0 und d |
| 082 |
|
|
|a 371.8072
|
| 090 |
|
|
|b B510
|
| 100 |
|
|
|a Bùi, Sĩ Tụng
|
| 245 |
|
0 |
|a Hoạt động giáo dục ngoài giờ lên lớp 11
|
| 245 |
|
0 |
|b Sách giáo viên
|
| 245 |
|
0 |
|c Bùi Sĩ Tụng, Lê Văn Cầu, Lê Thanh Sử, Đỗ Tường Vi
|
| 260 |
|
|
|a H.
|
| 260 |
|
|
|b Giáo dục Việt Nam
|
| 260 |
|
|
|c 2010
|
| 300 |
|
|
|a 135tr
|
| 650 |
|
|
|a Sách lớp 11; Hoạt động ngoại khóa; Sách giáo viên; Hoạt động giáo dục
|
| 700 |
|
|
|a Lê, Văn Cầu
|
| 856 |
|
|
|u http://lrc.tdmu.edu.vn/opac/search/detail.asp?aID=2&ID=19992
|
| 980 |
|
|
|a Trung tâm Học liệu Trường Đại học Thủ Dầu Một
|